Pasturas y forrajes : manejo, persistencia y renovación de pasturas :

Guardado en:
Autor Principal: Carámbula, Milton
Formato: Libro
Publicado: Buenos Aires : Hemisferio Sur, 2007
Materias:
Etiquetas: Agregar Etiqueta
Sin Etiquetas, Sea el primero en etiquetar este registro!
LEADER 00913nam a22001935a 4500
001 CEM.cems017569
005 20130426172924.0
008 130507s2007##################000#0#####d
003 CEMS
020 |a 9789974801738 
082 0 4 |a 633.2 
100 1 |a Carámbula, Milton 
245 1 0 |a Pasturas y forrajes :  |b manejo, persistencia y renovación de pasturas :  |c Milton Carámbula 
260 |a Buenos Aires :  |b Hemisferio Sur,  |c 2007 
300 |a 415 p. 
505 0 |a Bases técnicas y pautas prácticas para el manejo general de las plantas forrajeras -- Administración del agua en el manejo general de las pasturas -- Manejo de las pasturas con diferentes propósitos -- Objetivos claves en el manejo del pastoreo -- La persistencia de las pasturas -- La degradación y la renovación de las pasturas 
653 |a Pasturas 
653 |a Forrajes 
859 |a CEMS  |b BIB. CEMS - Agricultura  |h 633.2  |i C176-2  |p A1366.11  |t Ej.1  |v III  |3 III